Music Quiz

Random Music or Song Quiz

'Baba O'Riley' Lyrics Quiz Stats

Quiz Updated Jun 11, 2015

Challenge
Share
Tweet
Embed
Score 0/97 Timer 06:00
8 Plays Today
% Correct
I
97.2%
I
97.2%
I
97.2%
I
97.2%
the
94.9%
the
94.9%
The
94.9%
The
94.9%
teenage
89.9%
Teenage
89.9%
teenage
89.9%
Teenage
89.9%
Teenage
89.9%
wasteland
89.6%
wasteland,
89.6%
wasteland
89.6%
wasteland
89.6%
wasteland
89.6%
in
88.6%
It's
83.7%
it's
83.7%
to
82.3%
To
82.3%
to
82.3%
for
82.2%
my
82%
my
82%
my
82%
my
82%
my
82%
here
81.1%
here
81.1%
Out
80.2%
% Correct
out
80.1%
only
78.1%
only
78.1%
don't
77.1%
don't
77.1%
Don't
77.1%
Don't
77.1%
don't
77.1%
be
76.8%
fields
73.7%
fight
73%
fight
71.7%
I'm
71.2%
we
71.2%
right
70.6%
need
70.1%
need
70.1%
your
67.8%
meals
67.6%
prove
66.6%
all
63.5%
forgiven
63.4%
is
62.4%
back
61.2%
get
61.2%
get
61.2%
get
61.2%
cry
60.7%
wasted!
60.3%
and
59.3%
eye
59.1%
into
58.5%
yeah
53.8%
% Correct
yeah,
53.8%
yeah,
53.8%
yeah,
53.8%
Yeah,
53.8%
yeah
52%
livin'
51.9%
They're
51%
Put
49.3%
take
46.4%
oh,
45.6%
hand
45.6%
fire,
43.7%
look
42.8%
exodus
42.4%
shoulder
42.3%
raise
41.9%
land
41.7%
much
40%
older
39.8%
before
39.7%
past
38.2%
together
37.9%
Let's
37.8%
are
37.6%
Travel
34.4%
cross
32.3%
near
29.4%
Sally,
26.5%
south
26.2%
happy
18.8%
ones
15.8%

You're not logged in!

Compare scores with friends on all Sporcle quizzes.
Sign Up with Email
OR
Log In

You Might Also Like...

Show Comments

Extras

Top Quizzes Today


Score Distribution

Your Account Isn't Verified!

In order to create a playlist on Sporcle, you need to verify the email address you used during registration. Go to your Sporcle Settings to finish the process.